| 000 | 00404nam a2200133Ia 4500 | ||
|---|---|---|---|
| 008 | 190722s9999 xx 000 0 und d | ||
| 020 | _a978-93-325-3650-0 | ||
| 100 | _aHair, Black, Babin, Anderson | ||
| 245 | 0 | _aMultivariate Data Analysis | |
| 260 |
_aNew Delhi (India) _bDorling Kindersley India Pvt. Ltd. / Pearson India Education services _c2017 |
||
| 300 | _a736p.: | ||
| 942 | _cBK | ||
| 942 | _e7th Ed. | ||
| 999 |
_c933 _d933 |
||